[Event "Hilton Open 2011"]
[Site "Basel"]
[Date "2011.01.04"]
[Round "5"]
[White "Alfred, Nathan"]
[Black "Vatter, Hans Joachim"]
[Result "1/2-1/2"]
[WhiteElo "2268"]
[BlackElo "2324"]
[PlyCount "37"]
[EventDate "2011.01.??"]
[EventType "swiss"]
[EventRounds "7"]
[EventCategory "1"]
[SourceDate "2011.01.02"]

1. d4 Nf6 2. Nf3 e6 3. Bg5 c5 4. e3 cxd4 5. exd4 Be7 6. Nbd2 b6 7. Bd3 Bb7 8.
Qe2 d6 9. O-O Nbd7 10. Rfe1 O-O 11. Rad1 Nd5 12. Qe4 g6 13. Qh4 Re8 14. Ne4
N5f6 15. Nxf6+ Nxf6 16. Re3 a6 17. Rde1 Nh5 18. Bxe7 Qxe7 19. Qxe7 1/2-1/2

[Event "Hilton Open 2011"]
[Site "Basel"]
[Date "2011.01.04"]
[Round "5"]
[White "Gervasoni, Pietro"]
[Black "Suter, Stephan"]
[Result "1-0"]
[WhiteElo "1980"]
[BlackElo "2052"]
[PlyCount "59"]
[EventDate "2011.01.??"]
[EventType "swiss"]
[EventRounds "7"]
[EventCategory "1"]
[SourceDate "2011.01.02"]

1. e4 e6 2. d4 d5 3. e5 c5 4. c3 Ne7 5. Nf3 Nf5 6. g4 Nh4 7. Be3 Nxf3+ 8. Qxf3
Qb6 9. Qe2 Nc6 10. dxc5 Bxc5 11. Bxc5 Qxc5 12. Nd2 O-O 13. Nb3 Qb6 14. g5 a5
15. O-O-O Qc7 16. f4 a4 17. Nd4 Nxd4 18. Rxd4 a3 19. h4 axb2+ 20. Qxb2 Qa5 21.
Rh2 Bd7 22. Rb4 Rfc8 23. Kb1 Bc6 24. Bd3 Qc5 25. Rd4 Ra3 26. Rc2 Ba4 27. Rc1
Rc6 28. Rb4 Qe3 29. Qxa3 Qxd3+ 30. Ka1 1-0

[Event "Hilton Open 2011"]
[Site "Basel"]
[Date "2011.01.04"]
[Round "5"]
[White "Senn, Roland"]
[Black "Sperzel, Bernd"]
[Result "1-0"]
[WhiteElo "2068"]
[BlackElo "2002"]
[PlyCount "25"]
[EventDate "2011.01.??"]
[EventType "swiss"]
[EventRounds "7"]
[EventCategory "1"]
[SourceDate "2011.01.02"]

1. d4 Nf6 2. c4 e5 3. dxe5 Ng4 4. e4 d6 5. Be2 Nxe5 6. f4 Ng6 7. Nf3 Nc6 8. O-O
Be7 9. Nc3 O-O 10. Be3 f5 11. Qd2 fxe4 12. Nxe4 b6 13. Qd5+ 1-0

[Event "Hilton Open 2011"]
[Site "Basel"]
[Date "2011.01.04"]
[Round "5"]
[White "Paul, Mathias"]
[Black "Eschbach, Dennis"]
[Result "1/2-1/2"]
[WhiteElo "2065"]
[BlackElo "2416"]
[PlyCount "31"]
[EventDate "2011.01.??"]
[EventType "swiss"]
[EventRounds "7"]
[EventCategory "1"]
[SourceDate "2011.01.02"]

1. e4 e6 2. d4 d5 3. Nc3 Nf6 4. Bg5 Be7 5. e5 Nfd7 6. h4 O-O 7. Bd3 c5 8. Qh5
g6 9. Qh6 cxd4 10. Nf3 Nxe5 11. Nxe5 dxc3 12. Nxg6 fxg6 13. Bxg6 hxg6 14. Qxg6+
Kh8 15. Qh6+ Kg8 16. Qg6+ 1/2-1/2

[Event "Hilton Open 2011"]
[Site "Basel"]
[Date "2011.01.04"]
[Round "5"]
[White "Bacrot, Nathalie"]
[Black "Ditzler, Juerg"]
[Result "1/2-1/2"]
[WhiteElo "2114"]
[BlackElo "2067"]
[PlyCount "42"]
[EventDate "2011.01.??"]
[EventType "swiss"]
[EventRounds "7"]
[EventCategory "1"]
[SourceDate "2011.01.02"]

1. Nf3 g6 2. g3 Bg7 3. Bg2 c5 4. O-O Nc6 5. c4 Nf6 6. Nc3 O-O 7. d3 d5 8. e4
dxc4 9. dxc4 Bg4 10. h3 Qxd1 11. Rxd1 Bxf3 12. Bxf3 Nd4 13. Bg2 Rad8 14. Bg5 h6
15. Bxf6 Bxf6 16. Nd5 Kg7 17. f4 e6 18. Nxf6 Kxf6 19. e5+ Ke7 20. Rab1 b6 21.
Kf2 g5 1/2-1/2

[Event "Hilton Open 2011"]
[Site "Basel"]
[Date "2011.01.04"]
[Round "5"]
[White "Staechelin, Ruedi"]
[Black "Speck, Hans"]
[Result "1/2-1/2"]
[WhiteElo "2129"]
[BlackElo "2050"]
[PlyCount "43"]
[EventDate "2011.01.??"]
[EventType "swiss"]
[EventRounds "7"]
[EventCategory "1"]
[SourceDate "2011.01.02"]

1. e4 Nf6 2. Nc3 d5 3. exd5 Nxd5 4. Bc4 e6 5. Qf3 Nf6 6. Qe2 Nc6 7. Nf3 a6 8.
a3 Nd4 9. Nxd4 Qxd4 10. d3 Bd6 11. Be3 Qg4 12. f3 Qh4+ 13. Qf2 Qxf2+ 14. Kxf2
b5 15. Bb3 Bb7 16. Ne4 Be7 17. Nxf6+ Bxf6 18. c3 a5 19. Bc5 a4 20. Bc2 O-O-O
21. Be3 Bd5 22. d4 1/2-1/2

[Event "Hilton Open 2011"]
[Site "Basel"]
[Date "2011.01.04"]
[Round "5"]
[White "Milosevic, Goran"]
[Black "Arounopoulos, Stephan"]
[Result "1/2-1/2"]
[WhiteElo "2357"]
[BlackElo "2085"]
[PlyCount "53"]
[EventDate "2011.01.??"]
[EventType "swiss"]
[EventRounds "7"]
[EventCategory "1"]
[SourceDate "2011.01.02"]

1. e4 e6 2. d4 d5 3. Nd2 Be7 4. e5 Nh6 5. c3 c5 6. Ngf3 Nc6 7. Nb3 cxd4 8. cxd4
Nf5 9. Bd3 Nh4 10. Nxh4 Bb4+ 11. Bd2 Qxh4 12. Bxb4 Nxb4 13. Bb5+ Nc6 14. Bxc6+
bxc6 15. O-O Rb8 16. Rc1 Ba6 17. Re1 Bc4 18. g3 Qd8 19. Re3 O-O 20. Kg2 a5 21.
a3 Rb5 22. Rec3 Bxb3 23. Rxb3 Qb6 24. Rxb5 Qxb5 25. Rc5 Qxb2 26. Qa4 Qe2 27.
Qc2 1/2-1/2

[Event "Hilton Open 2011"]
[Site "Basel"]
[Date "2011.01.04"]
[Round "5"]
[White "Seitz, Benjamin"]
[Black "Huseyn, Orkhan"]
[Result "0-1"]
[WhiteElo "2084"]
[BlackElo "2094"]
[PlyCount "70"]
[EventDate "2011.01.??"]
[EventType "swiss"]
[EventRounds "7"]
[EventCategory "1"]
[SourceDate "2011.01.02"]

1. d4 Nf6 2. Nf3 g6 3. c4 Bg7 4. Nc3 O-O 5. e4 d6 6. Be2 e5 7. d5 a5 8. Be3 Ng4
9. Bg5 f6 10. Bh4 h5 11. Nd2 Nh6 12. f3 Qe8 13. b3 Na6 14. a3 Bd7 15. Bf2 f5
16. Rb1 g5 17. h3 g4 18. hxg4 hxg4 19. fxg4 fxg4 20. Be3 Qg6 21. Nf1 Rf4 22.
Ng3 Nf7 23. Nh5 Ng5 24. Nxg7 Qxg7 25. Bxf4 exf4 26. Nb5 f3 27. gxf3 gxf3 28.
Bxf3 Bxb5 29. cxb5 Qc3+ 30. Kf2 Rf8 31. Rh4 Rxf3+ 32. Kg2 Rg3+ 33. Kf1 Qe3 34.
Rg4 Qg1+ 35. Ke2 Qg2+ 0-1

[Event "Hilton Open 2011"]
[Site "Basel"]
[Date "2011.01.04"]
[Round "6"]
[White "Grandadam, Nicolas"]
[Black "Lekic, Dusan"]
[Result "0-1"]
[WhiteElo "2286"]
[BlackElo "2389"]
[PlyCount "26"]
[EventDate "2011.01.??"]
[EventType "swiss"]
[EventRounds "7"]
[EventCategory "1"]
[SourceDate "2011.01.02"]

1. Nf3 c5 2. c4 Nc6 3. d4 cxd4 4. Nxd4 Nf6 5. Nc3 e6 6. g3 Qb6 7. Ndb5 Ne5 8.
Bg2 a6 9. Bf4 Nfg4 10. Nd4 Qxb2 11. Na4 Nd3+ 12. Qxd3 Qxa1+ 13. Kd2 Bb4+ 0-1

[Event "Hilton Open 2011"]
[Site "Basel"]
[Date "2011.01.04"]
[Round "6"]
[White "Bjerke, Silje"]
[Black "Bae, Torstein"]
[Result "1/2-1/2"]
[WhiteElo "2186"]
[BlackElo "2411"]
[PlyCount "20"]
[EventDate "2011.01.??"]
[EventType "swiss"]
[EventRounds "7"]
[EventCategory "1"]
[SourceDate "2011.01.02"]

1. e4 c5 2. Nf3 d6 3. Bb5+ Bd7 4. Bxd7+ Qxd7 5. O-O Nc6 6. c4 g6 7. d4 cxd4 8.
Nxd4 Bg7 9. Be3 Nf6 10. f3 O-O 1/2-1/2

[Event "Hilton Open 2011"]
[Site "Basel"]
[Date "2011.01.04"]
[Round "6"]
[White "Korneev, Oleg"]
[Black "Bacrot, Etienne"]
[Result "1/2-1/2"]
[WhiteElo "2576"]
[BlackElo "2723"]
[PlyCount "40"]
[EventDate "2011.01.??"]
[EventType "swiss"]
[EventRounds "7"]
[EventCategory "1"]
[SourceDate "2011.01.02"]

1. e4 e5 2. Bc4 Nf6 3. d3 Bc5 4. Nf3 Nc6 5. c3 O-O 6. Bg5 h6 7. Bh4 Be7 8. Nbd2
d6 9. Nf1 Kh8 10. Ne3 Ng4 11. Bxe7 Nxe7 12. Nxg4 Bxg4 13. h3 Bd7 14. Nh4 g5 15.
Nf3 f5 16. Qe2 Ng6 17. g3 b5 18. Bd5 c6 19. Bb3 fxe4 20. dxe4 a5 1/2-1/2

[Event "Hilton Open 2011"]
[Site "Basel"]
[Date "2011.01.04"]
[Round "6"]
[White "Bender, Dirk"]
[Black "Gervasoni, Pietro"]
[Result "1/2-1/2"]
[WhiteElo "2112"]
[BlackElo "1980"]
[PlyCount "38"]
[EventDate "2011.01.??"]
[EventType "swiss"]
[EventRounds "7"]
[EventCategory "1"]
[SourceDate "2011.01.02"]

1. c4 Nf6 2. g3 e6 3. Nf3 b6 4. Bg2 Bb7 5. b3 Be7 6. Bb2 d6 7. O-O O-O 8. d3
Nbd7 9. Nbd2 c5 10. Rc1 Ne8 11. Rc2 Bf6 12. d4 Qc7 13. e4 Rd8 14. Qe2 Nb8 15.
e5 Be7 16. Nb1 cxd4 17. Nxd4 Bxg2 18. Kxg2 dxe5 19. Nf3 f6 1/2-1/2

[Event "Hilton Open 2011"]
[Site "Basel"]
[Date "2011.01.04"]
[Round "6"]
[White "Ovsejevitsch, Sergei"]
[Black "Abbasov, Farid"]
[Result "1/2-1/2"]
[WhiteElo "2582"]
[BlackElo "2537"]
[PlyCount "47"]
[EventDate "2011.01.??"]
[EventType "swiss"]
[EventRounds "7"]
[EventCategory "1"]
[SourceDate "2011.01.02"]

1. Nf3 Nf6 2. c4 g6 3. Nc3 Bg7 4. e4 d6 5. d4 O-O 6. Be2 e5 7. O-O Nc6 8. Be3
Ng4 9. Bg5 f6 10. Bc1 f5 11. d5 Ne7 12. Ng5 Nf6 13. exf5 Nxf5 14. Nge4 Nxe4 15.
Nxe4 Bh6 16. Bxh6 Nxh6 17. Qd2 Qh4 18. Bd3 Ng4 19. h3 Nf6 20. Rae1 Bf5 21. Ng3
Bxd3 22. Qxd3 b6 23. Re3 a5 24. Qe2 1/2-1/2

[Event "Hilton Open 2011"]
[Site "Basel"]
[Date "2011.01.04"]
[Round "6"]
[White "Sperzel, Bernd"]
[Black "Moser, Guido"]
[Result "1/2-1/2"]
[WhiteElo "2002"]
[BlackElo "2007"]
[PlyCount "45"]
[EventDate "2011.01.??"]
[EventType "swiss"]
[EventRounds "7"]
[EventCategory "1"]
[SourceDate "2011.01.02"]

1. d4 Nf6 2. Nf3 d5 3. c4 c6 4. Nc3 e6 5. e3 a6 6. Bd3 dxc4 7. Bxc4 b5 8. Bd3
c5 9. dxc5 Bxc5 10. O-O Bb7 11. a3 Nbd7 12. b4 Be7 13. Bb2 O-O 14. Qe2 Qb6 15.
e4 Rfd8 16. Rad1 Rac8 17. e5 Nd5 18. Nxd5 Bxd5 19. Rc1 Qb7 20. Bd4 Nb6 21. Bxb6
Qxb6 22. Rfd1 Qb7 23. Qe3 1/2-1/2

[Event "Hilton Open 2011"]
[Site "Basel"]
[Date "2011.01.04"]
[Round "6"]
[White "Vatter, Hans Joachim"]
[Black "Malakhatko, Vadim"]
[Result "0-1"]
[WhiteElo "2324"]
[BlackElo "2546"]
[PlyCount "104"]
[EventDate "2011.01.??"]
[EventType "swiss"]
[EventRounds "7"]
[EventCategory "1"]
[SourceDate "2011.01.02"]

1. e4 e6 2. d4 d5 3. e5 c5 4. c3 Qb6 5. Nf3 Nc6 6. a3 Nh6 7. b4 cxd4 8. cxd4
Nf5 9. Bb2 Bd7 10. g4 Nh6 11. Rg1 f6 12. Bd3 Nf7 13. Nbd2 fxe5 14. dxe5 Bc5 15.
Rg2 a5 16. b5 Nd4 17. a4 O-O 18. Kf1 Nh8 19. Nxd4 Bxd4 20. Nc4 dxc4 21. Bxd4
Qd8 22. Bxc4 Ng6 23. Rg3 Rf4 24. Qd3 Rc8 25. Rd1 Qe7 26. Bb3 Rf7 27. Qd2 Rcf8
28. Rc1 Qh4 29. Kg1 Nf4 30. Rcc3 b6 31. Bxb6 Bc8 32. Bc5 Rd8 33. Qe1 Bb7 34.
Bd6 h5 35. g5 Rf5 36. Rc7 Be4 37. Qxe4 Nh3+ 38. Rxh3 Qxe4 39. Bxe6+ Kh7 40. g6+
Kh6 41. Bxf5 Qxf5 42. Re3 Qg4+ 43. Rg3 Qd1+ 44. Kg2 h4 45. Re3 Qg4+ 46. Kf1
Qxa4 47. b6 Qb5+ 48. Kg2 Qxb6 49. Re4 h3+ 50. Kg3 Rxd6 51. Rh4+ Kxg6 52. Rg4+
Kf5 0-1

[Event "Hilton Open 2011"]
[Site "Basel"]
[Date "2011.01.04"]
[Round "6"]
[White "Lutz, Bernhard"]
[Black "Drazic, Sinisa"]
[Result "0-1"]
[WhiteElo "2292"]
[BlackElo "2487"]
[PlyCount "94"]
[EventDate "2011.01.??"]
[EventType "swiss"]
[EventRounds "7"]
[EventCategory "1"]
[SourceDate "2011.01.02"]

1. d4 g6 2. e4 Bg7 3. Nf3 d6 4. h3 Nf6 5. Nc3 O-O 6. Bd3 a6 7. a4 Nc6 8. Be3 e5
9. d5 Ne7 10. Qd2 c6 11. dxc6 bxc6 12. O-O Bb7 13. Rfd1 Qc7 14. a5 d5 15. Bc5
Rfe8 16. Qg5 Nc8 17. Nh4 Nd7 18. Ba3 d4 19. Nb1 c5 20. Nd2 Qxa5 21. Nc4 Qc7 22.
b4 Ncb6 23. Nxb6 Nxb6 24. bxc5 Na4 25. Rdb1 Nc3 26. Re1 a5 27. Nf3 h6 28. Qg3
Qc6 29. Nd2 Na4 30. Nc4 Nxc5 31. Rab1 Nxd3 32. cxd3 Ba6 33. Nd6 Reb8 34. Rxb8+
Rxb8 35. Rc1 Qd7 36. Nc4 Bxc4 37. Rxc4 Rc8 38. Rxc8+ Qxc8 39. Qf3 Qc2 40. Kh2
a4 41. Bd6 Qc6 42. Ba3 Qc3 43. Bd6 a3 44. Qd1 a2 45. Qa4 a1=Q 46. Qe8+ Kh7 47.
Qxf7 Qa8 0-1

[Event "Hilton Open 2011"]
[Site "Basel"]
[Date "2011.01.04"]
[Round "6"]
[White "Heimann, Andreas"]
[Black "Pelletier, Yannick"]
[Result "1/2-1/2"]
[WhiteElo "2476"]
[BlackElo "2586"]
[PlyCount "74"]
[EventDate "2011.01.??"]
[EventType "swiss"]
[EventRounds "7"]
[EventCategory "1"]
[SourceDate "2011.01.02"]

1. Nf3 Nf6 2. c4 c5 3. d4 cxd4 4. Nxd4 e6 5. Nc3 Bb4 6. g3 O-O 7. Bg2 d5 8.
cxd5 Nxd5 9. Bd2 Nxc3 10. bxc3 Bc5 11. Nb3 Be7 12. O-O Qc7 13. Rb1 e5 14. Qc2
Bd7 15. Be4 h6 16. Be3 Bc6 17. c4 Bxe4 18. Qxe4 Nc6 19. c5 Rad8 20. Qc4 Rd7 21.
Rfd1 Rfd8 22. Rxd7 Rxd7 23. Kg2 Qd8 24. Rb2 Bg5 25. Bxg5 Qxg5 26. Qc3 Qg4 27.
Rd2 Rxd2 28. Qxd2 Qe4+ 29. f3 Qc4 30. Kf2 a5 31. Qc1 Qb4 32. Qd2 Qc4 33. Qc1
Qb5 34. Nd2 Nd4 35. Qc4 Qc6 36. Nb3 Nxb3 37. axb3 b6 1/2-1/2

[Event "Hilton Open 2011"]
[Site "Basel"]
[Date "2011.01.04"]
[Round "6"]
[White "Ibrahimov, Rasul"]
[Black "Kolbus, Dietmar"]
[Result "1/2-1/2"]
[WhiteElo "2538"]
[BlackElo "2332"]
[PlyCount "73"]
[EventDate "2011.01.??"]
[EventType "swiss"]
[EventRounds "7"]
[EventCategory "1"]
[SourceDate "2011.01.02"]

1. c4 c6 2. Nf3 d5 3. d4 Nf6 4. Nc3 e6 5. Qd3 Nbd7 6. g3 Bb4 7. Bg2 O-O 8. O-O
b6 9. a3 Bxc3 10. Qxc3 Ba6 11. b3 Rc8 12. Bb2 c5 13. Rfd1 dxc4 14. d5 exd5 15.
Rxd5 Qe7 16. Rad1 Rcd8 17. bxc4 Nb8 18. Ng5 Rxd5 19. Rxd5 Re8 20. e3 Bb7 21.
Qc2 Nbd7 22. Rd2 Bxg2 23. Kxg2 h6 24. Nf3 Ne4 25. Rd1 Ndf6 26. Ne5 Qb7 27. f3
Ng5 28. h4 Ne6 29. g4 Rd8 30. Rxd8+ Nxd8 31. g5 hxg5 32. hxg5 Ne8 33. g6 f6 34.
Qd1 Ne6 35. Nf7 Nf8 36. Nd8 Qd7 37. Qxd7 1/2-1/2

[Event "Hilton Open 2011"]
[Site "Basel"]
[Date "2011.01.04"]
[Round "6"]
[White "Hamdouchi, Adina-Maria"]
[Black "Scherer, Max"]
[Result "1/2-1/2"]
[WhiteElo "2293"]
[BlackElo "2252"]
[PlyCount "83"]
[EventDate "2011.01.??"]
[EventType "swiss"]
[EventRounds "7"]
[EventCategory "1"]
[SourceDate "2011.01.02"]

1. g3 d5 2. Bg2 Nf6 3. Nf3 Bf5 4. c4 c6 5. cxd5 cxd5 6. Qb3 Qc8 7. Nc3 e6 8. d3
Nc6 9. O-O Be7 10. Nh4 Bg4 11. h3 Bh5 12. e4 d4 13. Nb5 a6 14. Na3 b5 15. Bd2
O-O 16. g4 Nd7 17. gxh5 Bxh4 18. Rac1 Qb7 19. e5 Rac8 20. Bb4 Rfd8 21. Bd6 Qb6
22. f4 Ne7 23. Be4 Nc5 24. Bxc5 Rxc5 25. Rxc5 Qxc5 26. Qc2 Rc8 27. Rc1 Qxc2 28.
Rxc2 Rxc2 29. Nxc2 Bg3 30. Nxd4 Bxf4 31. Nf3 Nd5 32. Kf2 Kf8 33. Bxd5 exd5 34.
d4 f6 35. exf6 gxf6 36. Nh4 Kf7 37. Kf3 Bc1 38. b3 Ke6 39. Kg4 Bb2 40. Nf5 Bc3
41. Kf4 Bb2 42. Kg4 1/2-1/2

[Event "Hilton Open 2011"]
[Site "Basel"]
[Date "2011.01.04"]
[Round "6"]
[White "Toth, Bela"]
[Black "Paul, Mathias"]
[Result "1-0"]
[WhiteElo "2347"]
[BlackElo "2065"]
[PlyCount "77"]
[EventDate "2011.01.??"]
[EventType "swiss"]
[EventRounds "7"]
[EventCategory "1"]
[SourceDate "2011.01.02"]

1. d4 Nf6 2. c4 g6 3. g3 Bg7 4. Bg2 O-O 5. Nc3 d6 6. Nf3 Nc6 7. O-O a6 8. Qd3
e5 9. dxe5 dxe5 10. Qxd8 Rxd8 11. Bg5 Re8 12. Nd5 Nxd5 13. cxd5 Ne7 14. e4 Bd7
15. Nd2 Nc8 16. Rac1 c6 17. Nb3 cxd5 18. exd5 Nd6 19. Na5 Rac8 20. b3 Kf8 21.
Be3 Kg8 22. Nc4 Nf5 23. Bd2 Bb5 24. Rfe1 Bxc4 25. bxc4 Bf8 26. Bh3 Bc5 27. Red1
f6 28. Bxf5 gxf5 29. Rb1 Rb8 30. Rb3 Kf7 31. Kf1 Red8 32. Ke2 Rd7 33. Rdb1 Kg6
34. a4 Kh5 35. h3 Kg6 36. g4 fxg4 37. hxg4 h5 38. gxh5+ Kxh5 39. Rg3 1-0

[Event "Hilton Open 2011"]
[Site "Basel"]
[Date "2011.01.04"]
[Round "6"]
[White "Staechelin, Ruedi"]
[Black "Clausen, Martin"]
[Result "0-1"]
[WhiteElo "2129"]
[BlackElo "2082"]
[PlyCount "68"]
[EventDate "2011.01.??"]
[EventType "swiss"]
[EventRounds "7"]
[EventCategory "1"]
[SourceDate "2011.01.02"]

1. e4 d5 2. exd5 c6 3. dxc6 Nxc6 4. Nf3 e5 5. d3 Bd6 6. Be2 f5 7. c3 Nf6 8. d4
e4 9. Ng5 Qc7 10. g3 h6 11. Nh3 g5 12. Bf1 Be6 13. Na3 Bxa3 14. bxa3 O-O-O 15.
Bd2 Qd7 16. Ng1 Bd5 17. Be3 Qf7 18. Bh3 Be6 19. Ne2 Ne5 20. O-O Nf3+ 21. Kh1 h5
22. Ng1 g4 23. Bg2 Bc4 24. Qa4 Kb8 25. d5 b5 26. Rfb1 Ka8 27. Rxb5 Bxb5 28.
Qxb5 Qb7 29. Qa4 Nxd5 30. Rb1 Qc7 31. Ne2 Nxe3 32. fxe3 h4 33. Bxf3 exf3 34.
Nf4 hxg3 0-1

[Event "Hilton Open 2011"]
[Site "Basel"]
[Date "2011.01.04"]
[Round "6"]
[White "Speck, Hans"]
[Black "Seitz, Benjamin"]
[Result "0-1"]
[WhiteElo "2050"]
[BlackElo "2084"]
[PlyCount "122"]
[EventDate "2011.01.??"]
[EventType "swiss"]
[EventRounds "7"]
[EventCategory "1"]
[SourceDate "2011.01.02"]

1. e4 c5 2. Nf3 e6 3. d4 cxd4 4. Nxd4 Qb6 5. Nb3 Qc7 6. g3 a6 7. Bg2 b5 8. O-O
Bb7 9. Bf4 d6 10. e5 Bxg2 11. Kxg2 d5 12. Re1 Ne7 13. a4 b4 14. Nd4 Nbc6 15.
Nxc6 Qxc6 16. Nd2 Ng6 17. Nf3 Nxf4+ 18. gxf4 Rc8 19. Nd4 Qd7 20. f5 Bc5 21.
fxe6 fxe6 22. Qh5+ g6 23. Qg4 Bxd4 24. Qxd4 O-O 25. Qd3 Qc6 26. Re2 Rf4 27. f3
Qc4 28. Rd1 Rd4 29. Qxc4 Rcxc4 30. Rxd4 Rxd4 31. b3 g5 32. Kf2 Kf7 33. Ke3 Rh4
34. Rg2 Kg6 35. Rg4 Rxh2 36. Rxb4 Rxc2 37. Rb6 Kf5 38. Rxa6 Rc3+ 39. Kf2 Rxb3
40. Ra8 h5 41. a5 g4 42. fxg4+ hxg4 43. a6 Kxe5 44. a7 Ra3 45. Kg2 Kd4 46. Re8
Rxa7 47. Rxe6 Ra3 48. Kf2 Rf3+ 49. Ke2 Rh3 50. Rg6 Rh2+ 51. Kf1 Kc3 52. Rxg4 d4
53. Rg8 d3 54. Rc8+ Kd2 55. Ra8 Rh7 56. Rf8 Kd1 57. Rf3 d2 58. Rf8 Rc7 59. Ra8
Kc1 60. Ra1+ Kb2 61. Rd1 Kc2 0-1

[Event "Hilton Open 2011"]
[Site "Basel"]
[Date "2011.01.04"]
[Round "6"]
[White "Sommerhalder, Eric"]
[Black "Meier, Franz"]
[Result "1-0"]
[WhiteElo "2000"]
[BlackElo "2003"]
[PlyCount "75"]
[EventDate "2011.01.??"]
[EventType "swiss"]
[EventRounds "7"]
[EventCategory "1"]
[SourceDate "2011.01.02"]

1. e4 d5 2. exd5 Nf6 3. Bb5+ Bd7 4. Bc4 Bg4 5. f3 Bf5 6. g4 Bc8 7. Nc3 Nbd7 8.
g5 Nh5 9. d3 Nb6 10. Bb3 g6 11. Nge2 Bg7 12. Ng3 Nxg3 13. hxg3 Bd7 14. Bf4 c6
15. Qd2 cxd5 16. Nxd5 Nxd5 17. Bxd5 Qb6 18. c3 e6 19. Be4 O-O-O 20. Be3 Qa5 21.
Kf2 f5 22. gxf6 Bxf6 23. a4 Qc7 24. Ra3 Bc6 25. Bxc6 Qxc6 26. Bxa7 e5 27. Qe3
Rd5 28. c4 Ra5 29. b4 Rxa7 30. Qxa7 Qd7 31. Kg2 e4 32. fxe4 Bd4 33. Qa8+ Kc7
34. Qa5+ Kb8 35. Qd5 Qg7 36. Rf1 Bb6 37. Ra2 Rd8 38. Rf7 1-0

[Event "Hilton Open 2011"]
[Site "Basel"]
[Date "2011.01.04"]
[Round "6"]
[White "Maier, Christian"]
[Black "Braeunlin, Klaus"]
[Result "1-0"]
[WhiteElo "2367"]
[BlackElo "2100"]
[PlyCount "77"]
[EventDate "2011.01.??"]
[EventType "swiss"]
[EventRounds "7"]
[EventCategory "1"]
[SourceDate "2011.01.02"]

1. d4 Nf6 2. Nf3 e6 3. c3 Be7 4. Nbd2 d5 5. e3 c6 6. Bd3 b6 7. Qe2 a5 8. Ne5
Qc7 9. O-O Ba6 10. c4 dxc4 11. Ndxc4 b5 12. Nd2 Nbd7 13. Ndf3 Bd6 14. Nxd7 Nxd7
15. e4 e5 16. Be3 exd4 17. Bxd4 Ne5 18. Nxe5 Bxe5 19. Bxe5 Qxe5 20. Rac1 Bb7
21. f4 Qd4+ 22. Kh1 O-O 23. e5 Rfe8 24. Be4 Qb6 25. Qf3 Rac8 26. Rfd1 Re6 27.
Bf5 c5 28. Qf2 g6 29. Bxe6 Qxe6 30. a3 c4 31. Kg1 b4 32. Rd6 Qf5 33. axb4 axb4
34. h3 c3 35. bxc3 bxc3 36. Qd4 c2 37. e6 Re8 38. Rd7 Qxe6 39. Rxb7 1-0

[Event "Hilton Open 2011"]
[Site "Basel"]
[Date "2011.01.04"]
[Round "6"]
[White "Heinis, Vincent"]
[Black "Bacrot, Nathalie"]
[Result "1-0"]
[WhiteElo "2097"]
[BlackElo "2114"]
[PlyCount "63"]
[EventDate "2011.01.??"]
[EventType "swiss"]
[EventRounds "7"]
[EventCategory "1"]
[SourceDate "2011.01.02"]

1. c4 g6 2. Nc3 Bg7 3. g3 d6 4. Bg2 e5 5. Rb1 f5 6. e3 Nf6 7. Nge2 O-O 8. O-O
Nbd7 9. d3 g5 10. f4 gxf4 11. exf4 c6 12. b4 Qb6+ 13. c5 dxc5 14. Na4 Qa6 15.
Qb3+ Kh8 16. fxe5 Nxe5 17. Nxc5 Qb6 18. d4 Ng6 19. Nf4 Nxf4 20. Bxf4 Ng4 21.
Rbd1 a5 22. a3 axb4 23. axb4 Qd8 24. d5 cxd5 25. Rxd5 Qb6 26. Rd6 Qa7 27. h3 b6
28. Nd3 Nf6 29. Bxa8 Qxa8 30. Ne5 Bb7 31. Rfd1 Bh1 32. Nf7+ 1-0

[Event "Hilton Open 2011"]
[Site "Basel"]
[Date "2011.01.04"]
[Round "6"]
[White "Meyer, Bernhard"]
[Black "Haener, Philippe"]
[Result "1-0"]
[WhiteElo "2133"]
[BlackElo "2180"]
[PlyCount "61"]
[EventDate "2011.01.??"]
[EventType "swiss"]
[EventRounds "7"]
[EventCategory "1"]
[SourceDate "2011.01.02"]

1. g3 d5 2. Nf3 Nf6 3. Bg2 g6 4. b3 Bg7 5. Bb2 c5 6. c4 O-O 7. cxd5 Nxd5 8.
Bxg7 Kxg7 9. O-O Nc6 10. d4 cxd4 11. Nxd4 Ndb4 12. Nxc6 Nxc6 13. Nc3 Qa5 14.
Qc2 Nd4 15. Qb2 Kg8 16. Nd5 Nc6 17. b4 Qd8 18. Rfd1 Bd7 19. b5 Na5 20. Rac1 Rc8
21. Rxc8 Bxc8 22. Nf6+ exf6 23. Rxd8 Rxd8 24. h4 Be6 25. Qxf6 Rd1+ 26. Kh2 h5
27. Be4 Rd6 28. Bd3 b6 29. Qe5 Nb7 30. Be4 Rd7 31. Bc6 1-0

[Event "Hilton Open 2011"]
[Site "Basel"]
[Date "2011.01.04"]
[Round "6"]
[White "Schultz, Raphael"]
[Black "Battaglini, Gabriel"]
[Result "0-1"]
[WhiteElo "2107"]
[BlackElo "2437"]
[PlyCount "58"]
[EventDate "2011.01.??"]
[EventType "swiss"]
[EventRounds "7"]
[EventCategory "1"]
[SourceDate "2011.01.02"]

1. c4 Nf6 2. Nc3 e6 3. Nf3 d5 4. e3 Nbd7 5. b3 c6 6. Bb2 Bd6 7. d4 O-O 8. Be2
a6 9. O-O b5 10. Rc1 Rb8 11. cxd5 cxd5 12. Nb1 Bb7 13. Ne5 Qb6 14. g4 h6 15.
Bd3 Rfd8 16. Qe2 Be7 17. f3 b4 18. Kh1 Rbc8 19. Nd2 Nxe5 20. dxe5 Nd7 21. Rce1
Rc3 22. Rg1 Nxe5 23. Bxc3 bxc3 24. Nf1 d4 25. e4 Nxd3 26. Qxd3 a5 27. g5 Ba6
28. Qc2 hxg5 29. Ng3 Qc5 0-1

[Event "Hilton Open 2011"]
[Site "Basel"]
[Date "2011.01.04"]
[Round "6"]
[White "Ditzler, Juerg"]
[Black "Wirz, Heinz"]
[Result "0-1"]
[WhiteElo "2067"]
[BlackElo "2131"]
[PlyCount "72"]
[EventDate "2011.01.??"]
[EventType "swiss"]
[EventRounds "7"]
[EventCategory "1"]
[SourceDate "2011.01.02"]

1. Nf3 Nf6 2. d4 g6 3. c4 Bg7 4. g3 O-O 5. Bg2 d6 6. O-O c5 7. Nc3 Nc6 8. d5
Na5 9. b3 Nxd5 10. Nxd5 Bxa1 11. Bg5 Bf6 12. Bxf6 exf6 13. Qa1 Kg7 14. Ng5 Be6
15. Ne4 Bxd5 16. cxd5 Qe7 17. Qc3 b6 18. f4 h5 19. h3 c4 20. g4 hxg4 21. hxg4
Rh8 22. g5 Kf8 23. b4 Nb7 24. Nxf6 Rh4 25. e4 a5 26. b5 Qc7 27. f5 Qc5+ 28. Rf2
Ke7 29. Ng4 Kd7 30. Qg7 Rxg4 31. Qxf7+ Kc8 32. fxg6 Rxg5 33. g7 Kb8 34. g8=Q+
Rxg8 35. Qxg8+ Ka7 36. Qg3 c3 0-1

[Event "Hilton Open 2011"]
[Site "Basel"]
[Date "2011.01.04"]
[Round "6"]
[White "Arounopoulos, Stephan"]
[Black "Melkumjanz, Nikolay"]
[Result "0-1"]
[WhiteElo "2085"]
[BlackElo "2260"]
[PlyCount "102"]
[EventDate "2011.01.??"]
[EventType "swiss"]
[EventRounds "7"]
[EventCategory "1"]
[SourceDate "2011.01.02"]

1. d4 g6 2. c4 Bg7 3. Nc3 d6 4. e4 Nf6 5. Nf3 O-O 6. h3 Na6 7. Be3 c5 8. d5 e6
9. Bd3 exd5 10. exd5 Nc7 11. a4 Nd7 12. O-O f5 13. Bg5 Nf6 14. Qd2 Bd7 15. Rfe1
Rf7 16. Bf4 Nfe8 17. Re2 Re7 18. Rxe7 Qxe7 19. Re1 Qf8 20. Bc2 b6 21. Ng5 Qf6
22. Nf3 Qf8 23. Ng5 Qf6 24. Nf3 Bf8 25. Bg5 Qg7 26. h4 a6 27. Ra1 Nf6 28. Bf4
Nh5 29. Bh2 h6 30. Nd1 Re8 31. Ra3 Qf6 32. Re3 Rb8 33. Ra3 Kh7 34. Qc3 Qf7 35.
Qd2 Ne8 36. Nc3 Nef6 37. Ne2 Ng4 38. Nf4 Nxh2 39. Kxh2 Nf6 40. Kg1 Ng4 41. Nd3
Qf6 42. Qc3 Bg7 43. Qxf6 Bxf6 44. Ra2 Kg7 45. b3 g5 46. hxg5 hxg5 47. Bd1 Nh6
48. g3 Nf7 49. Re2 b5 50. axb5 axb5 51. Ra2 bxc4 0-1